Inseguridad y protección social en los países desarrollados y en América Latina /

Este trabajo aborda el origen de la inseguridad social y los desafíos que enfrentan los sistemas de protección. Se sostiene que la perspectiva teórica dominante sobre protección social, tanto en los países desarrollados como en América Latina, es un factor crucial que impide el desarrollo social....

Descrizione completa

Salvato in:
Dettagli Bibliografici
Autore principale: Barba Solano, Carlos
Natura: testo
Soggetti:
Tags: Aggiungi Tag
Nessun Tag, puoi essere il primo ad aggiungerne!!

MARC

LEADER 00000 a a2200000 04500
001 44995
003
040
100 |a Barba Solano, Carlos  
245 |a Inseguridad y protección social en los países desarrollados y en América Latina /  |c Carlos Barba Solano  
500 |a carlosbarba66@gmail.com  
520 |a Este trabajo aborda el origen de la inseguridad social y los desafíos que enfrentan los sistemas de protección. Se sostiene que la perspectiva teórica dominante sobre protección social, tanto en los países desarrollados como en América Latina, es un factor crucial que impide el desarrollo social.  
590 |a RRH/JULIO2013  
650 |a SEGURIDAD SOCIAL  
650 |a DESARROLLO ECONOMICO Y SOCIAL  
650 |a DESIGUALDAD SOCIAL  
650 |a ESTADO  
773 |g volumen75, número1 (2013), páginas 29-61  
999 |c 22616  |d 22616